00930nam a22002417a 4500001000500000005001700005020001800022040002900040082001300069100002100082245011900103260005300222300005000275505000800325520009100333521002000424521002000444650003000464906004500494942001500539999001500554952011900569441020240822092046.0 a9780590225083 aDLCcDLCdDLCeamimbeng a394.2663 aSt.Clair, Sherry00aMiracle on 34th Street /ca John Hughes production ; produced by Twentieth Century Fox ; directed by Les Mayfield. aUnited States :bTwentieth Century Fox ; c1994. a48 pages : bcolor illustrations ; c28 cm .  aO  aThe lives of three people are changed by an old man who insists that he is Santa Claus a640 bLexile  aO bRaz-Plus  aholidayvjuvenile fiction a0bibccorignewduencipf19gy-movingim 2ddccBKn0 c4410d4410 00102ddc40708JUVFa001b001cTTPd2024-08-21l0oCLA 394.2663pFISBK06183r2024-08-21 10:10:57w2024-08-21yBK